| 000 | 01041cam a22002895a 4500 | ||
|---|---|---|---|
| 001 | 016294554 | ||
| 003 | OSt | ||
| 005 | 20160124123234.0 | ||
| 008 | 121213s2014 nyu frb f001 0 eng d | ||
| 020 | _a 1107460107 | ||
| 020 | _a9781107460102 | ||
| 040 |
_aStDuBDS _beng _cStDuBDS _dEG-ScBUE |
||
| 043 |
_as-bl--- _acl----- |
||
| 082 | 0 | 4 |
_a338.981 _222 _bLAW |
| 245 | 0 | 0 |
_aLaw and the new developmental state : _bthe Brazilian experience in Latin American context / _cedited by David M. Trubek ... [et al.] |
| 260 |
_aNew York : _bCambridge University Press, _c2014. |
||
| 300 |
_aviii, 379 p. ; _c24 cm. |
||
| 500 | _aIndex : p. 369-379. | ||
| 500 | _aOriginally published : 2013. | ||
| 504 | _aIncludes bibliographical references. | ||
| 650 | 7 |
_aLaw and economic development. _2BUEsh _939154 |
|
| 651 | 0 |
_aBrazil _xEconomic policy. _2BUEsh _939155 |
|
| 651 | 0 |
_aLatin America _xEconomic policy. _2BUEsh _939156 |
|
| 653 |
_bBUSBOL _cAugust2015 _cJanuary2016 |
||
| 700 | 1 |
_aTrubek, David M., _d1935- _eeditor. |
|
| 942 |
_2ddc _k338.981 LAW |
||
| 999 |
_c20477 _d20449 |
||